La inundación y la cosecha /

Guardado en:
Autor Principal: Martínez Estrada, Ezequiel
Otros Autores: Wirscke, Fabián, pról.
Formato: Libro
Publicado: Bahía Blanca : 17grises, 2010
Series:Colección Literal / imaginaria
Materias:
Etiquetas: Agregar Etiqueta
Sin Etiquetas, Sea el primero en etiquetar este registro!
LEADER 00703nam a22002175a 4500
001 CEM.cems013406
005 20100827105007.0
008 130507s2010##################000#0#####d
003 CEMS
020 |a 9789871724024 
082 0 4 |a A868.4 
100 1 |a Martínez Estrada, Ezequiel 
245 1 0 |a La inundación y la cosecha /  |c Ezequiel Martínez Estrada ; estudio Preliminar de Fabián Wirscke 
260 |a Bahía Blanca :  |b  17grises,  |c 2010 
300 |a 112 p. 
490 0 |a Colección Literal / imaginaria 
653 |a Literatura 
653 |a Literatura argentina 
653 |a Narrativa argentina 
700 1 |a Wirscke, Fabián, pról. 
859 |a CEMS  |b BIB. CEMS - 11 de abril  |h A868.4  |i M366-3  |p 25945.10  |t Ej.1